Κατάλογος Βιβλιοθηκών Mediterranean College

Διοίκηση Ναυτιλιακών Επιχειρήσεων Επιβατικού Ναυτιλίας στην Ελλάδα στις Αρχές του 21ου Αιώνα (Record no. 8703)

MARC details
000 -LEADER
fixed length control field 01228cam a22001814a 4500
005 - ΗΜΕΡΟΜΗΝΙΑ ΚΑΙ ΩΡΑ ΤΕΛΕΥΤΑΙΑΣ ΕΝΗΜΕΡΩΣΗΣ
Πεδίο ελέγχου 20250605164344.0
008 - FIXED-LENGTH DATA ELEMENTS--GENERAL INFORMATION
Πεδίο ελέγχου σταθερού μήκους 250528s ||||||||||||||||||||||||d
035 ## - SYSTEM CONTROL NUMBER
System control number 23766
040 ## - ΠΗΓΗ ΚΑΤΑΛΟΓΟΓΡΑΦΗΣΗΣ
Φορέας πρωτότυπης καταλογογράφησης MC Athens Campus Library
Γλώσσα καταλογογράφησης Ελληνικά, Μοντέρνα (1453-)
Modifying agency MC Athens Campus Library
Κανόνες περιγραφικής καταλογογράφησης AACR2
245 1# - ΤΙΤΛΟΣ ΚΑΙ ΔΗΛΩΣΗ ΥΠΕΥΘΥΝΟΤΗΤΑΣ
Τίτλος Διοίκηση Ναυτιλιακών Επιχειρήσεων Επιβατικού Ναυτιλίας στην Ελλάδα στις Αρχές του 21ου Αιώνα
260 ## - PUBLICATION, DISTRIBUTION, ETC.
Date of publication, distribution, etc. 2012
300 ## - PHYSICAL DESCRIPTION
Extent 81
520 ## - SUMMARY, ETC.
Summary, etc. Ελληνική Επιβατηγός Ναυτιλία, Η Διάρθρωση της Επιβατηγού Ναυτιλίας την Τελευταία Δεκαετία (2002-2012), Ανάλυση Υφιστάμενης Κατάστασης στον Κλάδο της Επιβατηγού Ναυτιλίας, Μεθοδολογία, Μελέτες Περίπτωσης, Blue Star Ferries (Μέλος της Attica Group), Hellenic Seaways, Minoan Lines, Nel Lines, Dodekanisos Seaways, Sea Jets Ferries, Anek Lines, Strintzis Ferries, Aegean Speed Lines, Sea Service, Συγκριτικά Αποτελέσματα - Προτάσεις, Βιβλιογραφία.
700 1# - ΠΡΟΣΘΕΤΗ ΑΝΑΓΡΑΦΗ--ΦΥΣΙΚΟ ΠΡΟΣΩΠΟ
Personal name Ούτος Ιωάννης Γ
9 (RLIN) 9300
942 ## - ADDED ENTRY ELEMENTS (KOHA)
Koha item type Διπλωματική εργασία
Holdings
Τύπος τεκμηρίου Βιβλιοθήκη Τρέχουσα τοποθεσία Barcode Ημερομηνία απόκτησης Ταξιθετικό σύμβολο Αριθμός αντιτύπου Κατάσταση απόσυρσης Κατάσταση χαμένου Κατάσταση κατεστραμμένου Μη δανεισμός Σύνολο δανεισμών Ημερομηνία τελευταίας εμφάνισης Η τιμή ισχύει από
Διπλωματική εργασία MC Athens Campus Library MC Athens Campus Library 9780000087027 05/06/2025 SHI 2012 (2) 1           05/06/2025 05/06/2025

MC Athens Campus Library
Πατησίων 94 & Κοδριγκτώνος 13, 104 34
Πελλήνης 8 & Πατησίων 107, 112 51
Τ: +30 210 8899600

MC Thessaloniki Campus Library
Ίωνος Δραγούμη 21, 54625 | Ίωνος Δραγούμη 15, 54625
Τ: +30 2310 287779 – Τ: +30 2314 440300